01296 2200205 4500001002100000005001500021008004100036020001500077035001900092041000800111082001000119084001600129100008100145245008100226260003800307300002700345520068400372650001601056650001801072INLIS00000000000532420200508203111200508||||||||| | ||| |||| ||ind|| a9792399127 0010-0520005324 aind0 a387.7 a387.7/PEN/U0 aUndang-Undang Penerbangan Nomor 15 Tahun 1992: disertai pasal-pasal penjelas00aUndang-Undang Penerbangan Nomor 15 Tahun 1992: disertai pasal-pasal penjelas aYogyakartabPustaka Merdekac2007 a151 hlm.; 20 cmc20 cm aBuku ini memuat materi mengenai Undang-Undang Republik Indonesia Nomor 15 Tahun 1992 tentang penerbangan, Undang-Undang Nomor 2 Tahun 1976 mengenai pengesahan Konvensi Toko 1963, Konvensi The Hague 1970, Konvensi Montreal 1971 dan Peraturan Pemerintah Republik Indonesia Nomor 26 Tahun 2005 tentang perlakuan pajak pertambahan nilai atas penyerahan avtur untuk keperluan penerbangan internasional. Selain undang-undang tersebut terdapat beberapa ulasan dan fakta-fakta dunia penerbangan, seperti pembahasan mengenai seputar mengenai penerbangan kita, Pembangunan Bandara International Jabar terancam batal, Aviation disaster plane crash attorneys and lawyers dan lain sebagainya. 0aPenerbangan 0aUndang-Undang